Quiz do Mapa - Ilhas dos Açores - Statistics

Estatísticas Gerais
  • Esse quiz foi jogado 123 vezes
  • A pontuação média é 6 de 9
Respostas no mapa
Respostas codificadas por cores de uma escala verde-vermelha no mapa do quiz de acordo com a % correta abaixo.
 
Estatísticas das Respostas
Resposta % Correto
Corvo
87%
São Miguel
78%
Graciosa
72%
Flores
68%
São Jorge
68%
Santa Maria
67%
Pico
65%
Faial
63%
Terceira
63%
Nenhum quiz correspondente encontrado
Distribuição das Pontuações
Porcentagem de Pessoas com Cada Pontuação
Percentil de Números Respondidos
Sua Pontuação Histórica
Você não jogou esse quiz